000 00240nam a2200109Ia 4500
008 190216s9999||||xx |||||||||||||| ||und||
100 _aPrasad L M
245 0 _aIndian History
260 _bOrient Longman
650 _aHistory
942 _cBK
999 _c19723
_d19723